000 01013naa a22003017a 4500
001 BR6007452
003 BR-BrBNA
005 20240918181900.0
007 ta
008 230509b bl.||||| |||| 00| 0 por d
040 _aBR-BrBNA
_bpor
_cBiblioteca Nacional de Agricultura
041 _a(Pt)
072 _aL73
090 _aL73 BR6007452
100 1 _aCorrea, O.
111 1 _a2. Congresso Brasileiro de Veterinaria
_cBelo Horizonte, MG (Brazil)
_d7 Sep 1943
245 1 _aA brucelose no Rio Grande do Sul. Aspectos clinicos e profilatico
260 3 _a[np](Brasil):
_c[nd].
500 _aAnais do 2. Congresso Brasileiro de Veterinaria [np](Brasil): [nd]. p. 241-247 (BR6007452-AM)L73
650 _aBrucelose
650 _aProfilaxia
650 _aVacina
650 _aSoro-Aglutinacao
650 _aRio Grande do Sul
773 0 _tAnais do 2. Congresso Brasileiro de Veterinaria
_wL73 BR6007452
_g[np](Brasil), [nd]. p. 241-247
909 _a202404
_bLucia
_c55
_dLucia Elande
942 _cAM
_2AGRIS
999 _c327344
_d327344